| LEADER |
00830nam0a2200217 450 |
| 001 |
16867856 |
| 010 |
|
|
|a 978-2-211-22883-1
|b cart.
|d 11,8
|
| 100 |
|
|
|a 20170203d2017 u u0frey01 ba
|
| 101 |
0 |
|
|a fre
|
| 102 |
|
|
|a FR
|
| 200 |
0 |
|
|a Pas peur ?
|f Alex Sanders
|
| 207 |
|
1 |
|a
|
| 210 |
|
|
|a Paris
|c Ecole des loisirs
|d 2017
|
| 215 |
|
|
|a 1 vol. (20 p.)
|c illustrations en couleur
|d 28 x 21 cm
|
| 225 |
1 |
|
|a Loulou & Cie
|
| 330 |
|
|
|a Le loup s'invite à la maison sans aucune gêne. Claquer la porte est une méthode infaillible pour lui en interdire l'accès ! Electre 2017
|
| 606 |
0 |
|
|a Peur
|x Albums jeunesse
|
| 700 |
|
0 |
|a Sanders
|b Alex
|c auteur jeunesse, illustrateur, pein
|f 1964-....
|4 70
|
| 900 |
|
|
|a Album
|
| 901 |
|
|
|a Jeunesse
|
| 995 |
|
|
|a Médiathèque
|c Médiathèque
|f 00156009372624
|h 00156009372624
|k A SAN
|o p
|q j
|r az
|e Médiathèque
|